00540nam a2200193 a 4500001001300000003000900013005001700022008004100039020002300080082002000103100001800123245007500141260003600216300000900252500003500261505001000296650002200306700001800328nice12345678IN_TiNIC20260116013040.0050524s1997 newa grp 000 0 eng  a0148235 c20000a305.40954bSIN1 aSingh, Renuka aWomen Reborn; an Exploration of the Spirituality of Urban Indian Women aNew DelhibPenguin Books c1997 a217p aincludes index and biblioraphy2 aIndex aWomen-India-Urban1 aSingh, Renuka